000 00794nam a2200229Ia 4500
005 20250108125027.0
008 008 250107s9999 xx 000 0 hin d
020 _a978-81-203-4183-8
037 _aTB
040 _aCRL
_bhin
_cCRL
041 _ahin
_2hin
084 _aV2.N47 R3
084 _qCRL
100 _aदेव, उषा, ले.
245 0 _aअब लड़का नहीं: कहानी संग्रह
_cदेव, उषा, ले.
260 _aनई दिल्ली, भारत
_bविधि भारती परिषद
_c3066
300 _a166पृ0
365 _aINR
_b475
650 _aहिन्दी कहानीहिन्दी साहित्य
_9729733
942 _cTB
_hV2.N47 R3
999 _c1235454
_d1235454